| 000 | 00518cam a22001814a 4500 | ||
|---|---|---|---|
| 005 | 20250605164311.0 | ||
| 008 | 250528s ||||||||||||||||||||||||d | ||
| 035 | _a22485 | ||
| 040 |
_aGR-AtMCL _bgre _dGR-AtMCL _eAACR2 |
||
| 245 | 1 | _aΤΑ ΑΝΑΠΤΥΞΙΑΚΑ ΠΡΟΒΛΗΜΑΤΑ ΤΟΥ ΒΡΕΦΟΥΣ ΚΑΙ ΤΟΥ ΝΗΠΙΟΥ | |
| 250 | _a5 | ||
| 260 |
_bΕλληνικά Γράμματα, _c1998 |
||
| 300 | _a288 | ||
| 700 | 1 |
_aBrazelton Berry T _98304 |
|
| 942 | _cBK | ||
| 999 |
_c7537 _d7537 |
||